| 000 | 02299cam a22003492 b4500 | ||
|---|---|---|---|
| 001 | 9345575 | ||
| 003 | Nust- CAS-E | ||
| 005 | 20180118181403.0 | ||
| 006 | m d | ||
| 007 | cr n | ||
| 008 | 060210e200510uuxxka s|||||||| 2|eng|d | ||
| 020 | _a9781855739321 | ||
| 020 |
_a1855739321 _cUSD 265.00 Retail Price |
||
| 035 | _a(WaSeSS)ssj0000198968 | ||
| 037 | _b00051468 | ||
| 040 |
_aBIP US _dWaSeSS _c0 |
||
| 050 | 4 | _aTK2896 | |
| 082 | 0 | 0 |
_a621.3124 _222 _bSOR 2005 |
| 100 | 1 |
_aSorrell, C. C. _eAuthor |
|
| 210 | 1 | 0 | _aMaterials for Energy Conversion Devices |
| 245 | 1 | 0 |
_aMaterials for Energy Conversion Devices _h[electronic resource] |
| 260 |
_aSawston : _bWoodhead Publishing Limited _cOct. 2005 |
||
| 506 | _aLicense restrictions may limit access. | ||
| 520 | 8 |
_aAnnotation _bAs the finite capacity and pollution problems of fossil fuels grow more pressing, new sources of more sustainable energy are being developed. Materials for energy conversion devices summarises the key research on new materials which can be used to generate clean and renewable energy or to help manage problems from existing energy sources. The book discusses the range of materials that can be used to harness and convert solar energy in particular, including the properties of oxide materials and their use in producing hydrogen fuel. It covers thermoelectric materials and devices for power generation, ionic conductors and new types of fuel cell. There are also chapters on the use of such materials in the immobilisation of nuclear waste and as electrochemical gas sensors for emission control. With its distinguished editors and international team of contributors, Materials for energy conversion devices is a standard reference for all those researching and developing a new generation of materials and technologies for our energy need. |
|
| 521 |
_aScholarly & Professional _bWoodhead Publishing Limited |
||
| 700 | 1 |
_aNowotny, J. _eAuthor |
|
| 700 | 1 |
_aSugihara, S. _eAuthor |
|
| 773 | 0 | _tWoodhead Publishing Materials and Engineering Collection | |
| 856 | 4 | 0 |
_uhttp://www.columbia.edu/cgi-bin/cul/resolve?clio9345575 _zFull text available from Woodhead Publishing Materials and Engineering Collection |
| 910 | _aBowker Global Books in Print record | ||
| 942 |
_2ddc _cBK |
||
| 999 |
_c355473 _d355473 |
||